Manual de legislación previsional

Guardat en:
Dades bibliogràfiques
Autor principal: Lanata Fuenzalida, Gabriela (autora)
Format: Llibre
Idioma:espanyol
Publicat: Santiago Legal Publishing 2014
Edició:2a. ed
Matèries:
Etiquetes: Afegir etiqueta
Sense etiquetes, Sigues el primer a etiquetar aquest registre!

MARC

LEADER 00000cam a2200000 a 4500
001 UCE6192
003 CL-VaPUC
008 150326e20140000cl |||||||||||||||||spa|d
020 |a 9789563466300 
082 0 4 |a 344.01  |b LAN  |2 21 
100 |a Lanata Fuenzalida, Gabriela  |e autora  |9 598877 
245 1 0 |a Manual de legislación previsional 
250 |a 2a. ed 
300 |a 652 p 
942 |c BK 
945 |d 20150326 13:02:00  |a arojas 
260 |a Santiago  |b Legal Publishing  |c 2014 
650 0 |a Seguridad social  |9 255322 
650 7 |a DERECHO LABORAL  |2 CL-VaPUC  |9 15 
650 7 |a COTIZACIONES PREVISIONALES  |2 CL-VaPUC  |9 387435 
650 0 |a Trabajadores  |9 260887 
651 7 |a CHILE  |2 CL-VaPUC  |9 578813 
583 |a last modification  |c 20170803 01:38:53  |k Rodrigo Vera 
999 |c 358578  |d 358576 
952 |0 0  |1 0  |3 erb  |4 0  |6 344_010000000000000_LAN_2014  |7 0  |8 A  |9 467389  |a BIBDER  |b BIBDER  |i 5142741  |l 1  |o 344.01 LAN 2014  |p 5142741  |r 2023-01-25  |s 2022-07-28  |w 2019-11-23  |y BK  |z Catalogado en:20150326  |k DER 
952 |0 0  |1 0  |3 erb  |4 0  |6 344_010000000000000_LAN_2014  |7 0  |8 A  |9 467390  |a BIBDER  |b BIBDER  |i 5195713  |l 1  |o 344.01 LAN 2014  |p 5195713  |r 2023-01-25  |s 2022-07-25  |w 2019-11-23  |y BK  |z Catalogado en:20150827  |k DER